Are They Related? II Quiz Stats

 Plays Quiz Updated Jan 11, 2019

Support Sporcle.
Go Orange.
Score 0/20 Timer 03:00
4 Plays Today
% Correct
Donny Osmond & Marie Osmond
92.5%
Kirk Douglas & Michael Douglas
90.1%
Carrie Fisher & Debbie Reynolds
84.8%
Peter Fonda & Bridget Fonda
83.9%
Liam Hemsworth & Chris Hemsworth
83.7%
Tony Curtis & Jamie Lee Curtis
80.5%
Kevin Dillon & Matt Dillon
80.2%
Emily Osment & Haley Joel Osment
79.9%
Bruce Lee & Brandon Lee
79%
Anne Meara & Ben Stiller
76.3%
% Correct
Jayne Mansfield & Mariska Hargitay
74.3%
Sylvester Stallone & Frank Stallone
72.4%
Nicolas Cage & Talia Shire
71%
Warren Beatty & Shirley MacLaine
70.8%
Joel Grey & Jennifer Grey
68%
Norah Jones & Ravi Shankar
63.4%
Tommy Chong & Rae Dawn Chong
60.2%
Tyne Daly & Tim Daly
57.4%
Melissa McCarthy & Jenny McCarthy
51.8%
Shaquille O'Neal & Bill Bellamy
33.6%

You're not logged in!

Compare scores with friends on all Sporcle quizzes.
OR
Log In
Forgot?

From the Vault

Hidden Neighbors of Spain

by markassonne

Geography 30s
Imagine if everyone in Europe played hide and seek at once.
Remove Ads.
Support Sporcle.
Get the best of Sporcle when you Go Orange. This ad-free experience offers more features, more stats, and more fun while also helping to support Sporcle. Thank you for becoming a member.

Show Comments

Extras

Top Quizzes Today


Score Distribution

Your Account Isn't Verified!

In order to create a playlist on Sporcle, you need to verify the email address you used during registration. Go to your Sporcle Settings to finish the process.

Report this User

Report this user for behavior that violates our Community Guidelines.

Details: